| 000 | 00498nam a2200169Ia 4500 | ||
|---|---|---|---|
| 008 | 210417s9999 xx 000 0 und d | ||
| 082 | _a910.8 LOC | ||
| 082 | _b22.910.8 LOC | ||
| 245 | 0 | _a"Travels of the Jesuits, into various parts of the world" | |
| 245 | 0 | _cTravels of the Jesuits into various parts of the world | |
| 250 | _bxxii. : 487p. ; 20 cm. | ||
| 260 | _aNew Delhi | ||
| 260 | _bAsian Educational Services | ||
| 260 | _c1995 | ||
| 700 | _a"Lockman, John" | ||
| 700 | _bJ. Lockman | ||
| 999 |
_c473147 _d473147 |
||